000 00644nam a22001937a 4500
003 OSt
005 20250730025220.0
008 250730b |||||||| |||| 00| 0 eng d
020 _a9715554288
040 _aDWCL-Main lib
_cOC
082 _aFil. 613.9 A162s 2002
100 _aAbrenica, Alexa Priela
245 _a Spaces :
_bwellsprings of the middle years and beyond/
_cAlexa Priela Abrenica
260 _aManila :
_bDe La Salle University Press,
_cc2002.
300 _a xvi, 77 pages ;
_c23 cm.
650 _a1. Middle-aged persons--Philippines--Case studies.
650 _a2. Middle-aged persons.
942 _2ddc
_cBK - FIL
_kFil.
_n0
999 _c3889
_d3889